Organizace a řízení zemědělské výroby

Enregistré dans:
Détails bibliographiques
Auteur principal: Jelínek, Jiří
Collectivité auteur: Vysoká škola ekonomická v Praze. Výrobně ekonomická fakulta
Format: Livre
Langue:tchèque
Publié: Praha Státní nakladatelství technické literatury 1989
Édition:1. vyd.
Tags: Ajouter un tag
Pas de tags, Soyez le premier à ajouter un tag!

MARC

LEADER 00000nam a2200000 4500
001 c028461
005 20221215120328.4
041 0 |a cze 
044 |a CZ 
245 1 0 |a Organizace a řízení zemědělské výroby  |c Jiří Jelínek a kol. 
250 |a 1. vyd. 
264 1 |a Praha  |b Státní nakladatelství technické literatury  |c 1989 
300 |a 316 s. 
100 1 |a Jelínek, Jiří 
710 2 |a Vysoká škola ekonomická v Praze. Výrobně ekonomická fakulta